Gaming Quiz

Random Gaming or Video Games Quiz

Mortal Kombat Characters Quiz Stats

 Plays Quiz not verified by Sporcle

Challenge
Share
Tweet
Embed
Score 0/63 Timer 15:00
0 Plays Today
Character Name % Correct
Scorpion
97.1%
Sub-Zero
94.9%
Liu Kang
91.9%
Sonya
91.2%
Johnny Cage
90.4%
Reptile
87.5%
Jax
86.8%
Kitana
86.8%
Goro
85.3%
Baraka
83.8%
Smoke
83.1%
Noob
81.6%
Rain
80.9%
Shang Tsung
80.9%
Jade
80.1%
Kano
79.4%
Cyrax
78.7%
Mileena
78.7%
Kung Lao
77.9%
Sheeva
77.9%
Sindel
77.2%
Nightwolf
75.7%
Sektor
75.7%
Kintaro
75%
Kabal
72.1%
Shao Khan
72.1%
Stryker
72.1%
Ermac
71.3%
Motaro
71.3%
Quan Chi
71.3%
Raiden
71.3%
Bo' Rai Cho
64.7%
Character Name % Correct
Tanya
63.2%
Blaze
62.5%
Meat
62.5%
Kenshi
61.8%
Chameleon
61%
Frost
59.6%
Taven
59.6%
Kira
58.8%
Li Mei
58.8%
Jarek
58.1%
Onaga
58.1%
Darrius
57.4%
Kobra
57.4%
Fujin
56.6%
Kai
56.6%
Ashrah
55.9%
Mokap
55.9%
Moloch
55.9%
Shujinko
55.9%
Drahmin
55.1%
Nitara
55.1%
Hsu Hao
54.4%
Reiko
54.4%
Shinnok
54.4%
Daegon
53.7%
Havik
53.7%
Khameleon
53.7%
Mavado
53.7%
Hotaru
52.9%
Dairou
52.2%
Sareena
52.2%

You're not logged in!

Compare scores with friends on all Sporcle quizzes.
OR
Log In

You Might Also Like...

Show Comments

Extras

Top Quizzes Today


Score Distribution

Your Account Isn't Verified!

In order to create a playlist on Sporcle, you need to verify the email address you used during registration. Go to your Sporcle Settings to finish the process.

Report this User

Report this user for behavior that violates our Community Guidelines.

Details: